000 00642nam a2200193Ia 4500
003 GCL
008 140319s9999 xx 000 0 ara d
040 _aGCL /
_cGCL
082 0 4 _a312
_bف م
100 1 _aفتحى محمد ابوعيانة
245 1 0 _aمدخل الى التحليل الاحصائى فى الجغرافيا البشرية /
_cفتحى محمد ابوعيانة
260 _a[S.N] :
_bدار النهضة العربية ،
_c1986
300 _a270 ص
490 _a
650 0 4 _aالتحليل الاقتصادى
650 0 4 _aالجغرافيا
650 0 4 _aالجغرافيا البشرية
942 _2ddc
_cBK
999 _c37055
_d37055